Normal view MARC view

Entry Core Textbooks

Number of records used in: 4

001 - NÚMERO DE CONTROL

  • campo de control: 26974

003 - IDENTIFICADOR DEL NÚMERO DE CONTROL

  • campo de control: OSt

005 - FECHA Y HORA DE LA ÚLTIMA TRANSACCIÓN

  • campo de control: 20260512095252.0

008 - DATOS DE LONGITUD FIJA

  • campo de control de longitud fija: 260512|| aca||aabn | a|a d

040 ## - FUENTE DE LA CATALOGACIÓN

  • Centro catalogador/agencia de origen: OSt

130 ## - ENCABEZAMIENTO--TÍTULO UNIFORME

  • Título uniforme: B3 DM Paid & Social Advertising (BiM)

Powered by Koha